• 首页
  • 本馆介绍
  • 公告通知
  • 最新文献
  • 馆藏检索
  • 电子资源
  • 读者导购
  • 参考咨询
  • 我的图书馆
  • 登录
  • 详细信息显示
  • 放入我的书架
  • 预约/预借图书
  • 作者相关作品
  • 分类相关作品
  • 丛书相关作品
  • 出版社相关作品

书目信息

  • 表格格式
  • 工作单格式
  • 卡片格式
题名:
国土规划的理论与方法
    
 
作者: 潘文灿 , 吴次芳 编著
分册:  
出版信息: 北京   科学出版社  2003
页数: 452页
开本: 20cm
丛书名:
单 册:
中图分类: F205
科图分类:
主题词: 国民经济--经济管理
电子资源:
ISBN: 7-03-011575-9
000 00603nam0 2200193 450
001 0735592734
005 20070906095312.73
010    @a7-03-011575-9@d¥49.00
100    @a20070906d km y0chiy0120 ea
101 0  @achi
200 1  @a国土规划的理论与方法@Aguo tu gui hua de li lun yu fang fa@f吴次芳,潘文灿等编著@Fwu ci fang,pan wen can deng bian zhu
210    @a北京@c科学出版社@d2003
215    @a452页@d20cm
606 0  @a国民经济@x经济管理
690    @aF205@v3
701  0 @a潘文灿@Apan wen can@4编著
701  0 @a吴次芳@Awu ci fang@4编著
801  0 @aCN@bPFT@c20070906
905    @a213230@dF205@ep4@f1
    
    国土规划的理论与方法/吴次芳,潘文灿等编著.-北京:科学出版社,2003
    452页;20cm
    
    
    ISBN 7-03-011575-9:¥49.00
    
●
相关链接 在E读中查询图书 在五车中查询图书 在当当中查询图书 在豆瓣中查询图书


正题名:国土规划的理论与方法     索取号:F205/p4         预约/预借

序号 登录号 条形码 馆藏地/架位号 状态 备注
1 7201945   272019442   物理系资料室/ [索取号:F205/p4] 在馆    
2 7201946   272019451   密集书库-物理学院/ [索取号:F205/p4] 在馆    
唐山师范学院图书馆 欢迎您!
大连网信软件有限公司© 版权所有